000 01727nam0a2200385 4500
001 RU\NLR\bibl\177970
005 20260407075933.0
010 _a5-7107-4203-1
_910000
021 _aRU
_b2001-23648
_91123
035 _a(NLR Aleph) 000174658
090 _a1007255
_c1007255
100 _a20010803d2001 |||y0rusy50 ca
101 0 _arus
102 _aRU
105 _aa |||||||||
200 1 _aМатериалы для подготовки и проведения итоговой аттестации выпускников средних общеобразовательных учреждений по иностранному языку
_e11 кл.
_fМ-во образования Рос. Федерации
_g[Сост. Е.Е. Горчилина]
210 _aМ.
_cДрофа
_d2001
215 _a223 с.
_cил.
_d20
225 1 _aВыпускной экзамен
300 _aЗагл. обл.: Иностранный язык
512 1 _aИностранный язык
606 0 _aИностранные языки
_xЭкзамены выпускные
_92217636
_3RU\NLR\auth\661331815
610 0 _aИностранные языки - Успеваемость учащихся - Проверка
675 _a372.881
_v3
_zrus
686 _a14
_2rugasnti
686 _a74.268.1
_2rubbk
686 _aЧ426.17-285
702 1 _aГорчилина
_bЕ. Е.
_gЕлена Евгеньевна
_4220
712 0 1 _4570
_aРоссийская Федерация
_bМинистерство образования
_9280683
_3RU\NLR\AUTH\884572
801 0 _aRU
_bRKP
_c20010803
_gPSBO
801 1 _aRU
_bRKP
_c20010803
801 2 _aRU
_bNLR
_c20030623
_grcr
942 _cBOOK
980 _aNB